ARRUPE JESUIT UNIVERSITY

CORONAVIRUS -STOP THE SPREAD - CLEAN,DISINFECT,COVER

Why me? : (Record no. 125229)

MARC details
000 -LEADER
fixed length control field 00988pam a2200301 a 4500
001 - CONTROL NUMBER
control field 4816374
003 - CONTROL NUMBER IDENTIFIER
control field ARRUPE
005 - DATE AND TIME OF LATEST TRANSACTION
control field 20160928155923.0
008 - FIXED-LENGTH DATA ELEMENTS--GENERAL INFORMATION
fixed length control field 890310s1989 mnuac b 000 0 eng
010 ## - LIBRARY OF CONGRESS CONTROL NUMBER
LC control number 89006562
020 ## - INTERNATIONAL STANDARD BOOK NUMBER
International Standard Book Number 0806623098 (alk. paper)
040 ## - CATALOGING SOURCE
Original cataloging agency DLC
Transcribing agency DLC
Modifying agency DLC
041 1# - LANGUAGE CODE
Language code of text/sound track or separate title eng
Language code of original and/or intermediate translations of text ger
050 00 - LIBRARY OF CONGRESS CALL NUMBER
Classification number BV4012.2S385
082 00 - DEWEY DECIMAL CLASSIFICATION NUMBER
Classification number 248.8/6
Edition number 20
300 ## - PHYSICAL DESCRIPTION
Other physical details ill., port. ;
Dimensions 20 cm.
100 1# - MAIN ENTRY--PERSONAL NAME
Personal name Schuchardt, Erika.
9 (RLIN) 25761
240 10 - UNIFORM TITLE
Uniform title <a href="Warum gerade ich-- ?">Warum gerade ich-- ?</a>
Language of a work English
245 10 - TITLE STATEMENT
Title Why me? :
Remainder of title learning live in crises /
Statement of responsibility, etc Erika Schuchardt ; translated by Karen Leube.
250 ## - EDITION STATEMENT
Edition statement 12 edition
260 ## - PUBLICATION, DISTRIBUTION, ETC. (IMPRINT)
Place of publication, distribution, etc Geneva :
Name of publisher, distributor, etc WCC,
Date of publication, distribution, etc 2005.
300 ## - PHYSICAL DESCRIPTION
Extent xxvii, 142p.;
500 ## - GENERAL NOTE
General note Translation of: Warum gerade ich-- ? 4th German ed. 1987, c1981.
504 ## - BIBLIOGRAPHY, ETC. NOTE
Bibliography, etc Includes bibliographical references (p. 146-208).
650 ## - SUBJECT ADDED ENTRY--TOPICAL TERM
Topical term or geographic name as entry element Pastoral counseling
9 (RLIN) 25762
906 ## - LOCAL DATA ELEMENT F, LDF (RLIN)
a 7
b cbc
c orignew
d 1
e ocip
f 19
g y-gencatlg
942 ## - ADDED ENTRY ELEMENTS (KOHA)
Source of classification or shelving scheme Library of Congress Classification
Koha item type Monograph ( Printed materials)
Holdings
Withdrawn status Lost status Source of classification or shelving scheme Damaged status Not for loan Collection code Home library Current library Shelving location Date acquired Total Checkouts Full call number Barcode Date last seen Date checked out Price effective from Koha item type
    Library of Congress Classification     Main Collection ARRUPE LIBRARY ARRUPE LIBRARY Main Collection 13/09/2016 1 BV4012.2S385 46500009538 04/05/2017 13/04/2017 13/09/2016 Monograph ( Printed materials)

 

Arrupe Library. PO Box MP320 Mt Pleasant, Harare, Zimbabwe
263 242 745411|librarian@aju.ac.zw